WWF WrestleMania IV Match Card - Statistics

General Stats
  • This quiz has been taken 54 times
  • The average score is 42 of 55
Answer Stats
Match type Wrestler % Correct
Battle Royal Bret Hart
96%
Quarter-final tournament Hulk Hogan
96%
First round tournament Randy Savage
96%
Quarter-final tournament Randy Savage
96%
Semi-final tournament Randy Savage
96%
Tournament final Randy Savage
96%
Quarter-final tournament André the Giant
93%
First round tournament Jake Roberts
86%
Battle Royal Jim Neidhart
86%
First round tournament One Man Gang
86%
Semi-final tournament One Man Gang
86%
First round tournament Ted DiBiase
86%
Quarter-final tournament Ted DiBiase
86%
Tournament final Ted DiBiase
86%
Tag team Ax
82%
Battle Royal Bad News Brown
82%
Singles Brutus Beefcake
82%
Tag team Rick Martel
82%
First round tournament Rick Rude
82%
First round tournament Ricky Steamboat
82%
Tag team Smash
82%
Singles The Ultimate Warrior
82%
Tag team Tito Santana
82%
Battle Royal B. Brian Blair
79%
Six-man tag team Davey Boy Smith
79%
Six-man tag team Dynamite Kid
79%
First round tournament Greg Valentine
79%
Quarter-final tournament Greg Valentine
79%
Six-man tag team Haku
79%
Battle Royal Jim Brunzell
79%
First round tournament Jim Duggan
79%
Singles The Honky Tonk Man
79%
First round tournament Dino Bravo
75%
Singles Hercules
75%
Battle Royal Junkyard Dog
75%
Six-man tag team Koko B. Ware
75%
Battle Royal Nikolai Volkoff
75%
First round tournament Bam Bam Bigelow
71%
First round tournament Butch Reed
71%
First round tournament Don Muraco
71%
Quarter-final tournament Don Muraco
71%
Battle Royal Harley Race
71%
Six-man tag team Tama
71%
Six-man tag team Bobby Heenan
68%
Battle Royal Paul Roma
68%
Battle Royal Jim Powers
64%
Battle Royal Sam Houston
64%
Battle Royal Boris Zhukov
61%
Battle Royal "Dangerous" Danny Davis
61%
Battle Royal Hillbilly Jim
57%
Battle Royal Ron Bass
57%
Battle Royal Jacques Rougeau
50%
Battle Royal Raymond Rougeau
50%
Battle Royal Ken Patera
46%
Battle Royal Sika
46%
No matching quizzes found
Score Distribution
Percent of People with Each Score
Percentile by Number Answered
Your Score History
You have not taken this quiz